Sports Quiz

Random Sports or Nation Quiz

Highest Finishing Non-Former Winner in Indy 500 Quiz Stats

Quiz not verified by Sporcle

Challenge
Share
Tweet
Embed
Score 0/60 Timer 08:00
0 Plays Today
Year Driver % Correct
1991Michael Andretti
96.8%
2010Marco Andretti
96.6%
1969Mario Andretti
96.3%
1992Al Unser, Jr.
95.8%
1967Al Unser
94.7%
1968Bobby Unser
94.7%
1970Al Unser
94.7%
2013Tony Kanaan
94.5%
1961A.J. Foyt
94.2%
2012Tony Kanaan
93.7%
2005Dan Wheldon
93.1%
2015Will Power
92.2%
2001Hélio Castroneves
92.1%
2008Scott Dixon
92.1%
1989Emerson Fittipaldi
91.3%
2000Juan Pablo Montoya
91%
2007Dario Franchitti
89.9%
1986Bobby Rahal
89.4%
1990Arie Luyendyk
88.9%
1979Rick Mears
88.1%
1988Emerson Fittipaldi
87.6%
1995Jacques Villeneuve
86.8%
1994Jacques Villeneuve
86.8%
2014Ryan Hunter-Reay
86.6%
1999Kenny Bräck
86.2%
2006Sam Hornish
85.2%
1974Johnny Rutherford
84.9%
1973Gordon Johncock
84.7%
2003Gil de Ferran
84.7%
1996Buddy Lazier
84.1%
Year Driver % Correct
1985Danny Sullivan
83.9%
1977Tom Sneva
83.6%
1978Tom Sneva
83.6%
1980Tom Sneva
83.6%
1983Tom Sneva
83.6%
2004Buddy Rice
83.6%
1998Eddie Cheever
82.5%
2002Paul Tracy
80.7%
1997Scott Goodyear
80.4%
2011J.R. Hildebrand
77.8%
1993Nigel Mansell
77%
1963Parnelli Jones
76.7%
1966Graham Hill
76.5%
1984Roberto Guerrero
76.2%
1987Roberto Guerrero
76.2%
1965Jim Clark
75.9%
1972Mark Donohue
70.9%
2009Danica Patrick
68.3%
1959Rodger Ward
68%
1960Jim Rathmann
57.1%
1957Sam Hanks
52.6%
1958Jimmy Bryan
49.2%
1956Pat Flaherty
45.8%
1975Pancho Carter
43.9%
1982Pancho Carter
43.9%
1971Peter Revson
43.1%
1981Vern Schuppan
37.8%
1964Lloyd Ruby
29.6%
1976Wally Dallenbach
25.9%
1962Len Sutton
17.5%

You're not logged in!

Compare scores with friends on all Sporcle quizzes.
Sign Up with Email
OR
Log In

You Might Also Like...

Show Comments

Extras

Top Quizzes Today


Score Distribution

Your Account Isn't Verified!

In order to create a playlist on Sporcle, you need to verify the email address you used during registration. Go to your Sporcle Settings to finish the process.